000
00218nam a22000857a 4500
008
170329b xxu||||| |||| 00| 0 eng d
100
_9
3061
_a
CBSE
245
_a
Sample paper Social Science-IX
260
_a
New Delhi
_b
CBSE
_c
2010
999
_c
6330
_d
6330